Eugenio Onieguin. Boris Godunov. Mozart y Salieri. La Ondina.

Uloženo v:
Podrobná bibliografie
Hlavní autor: Puschkin, Alejandro Sergueich (autor)
Další autoři: Tchernova, Irene (traductora, notas)
Médium: Kniha
Vydáno: Madrid, España: Aguilar, 1955.
Vydání:Segunda edición.
Edice:Colección Crisol, 117.
Témata:
Tagy: Přidat tag
Žádné tagy, Buďte první, kdo vytvoří štítek k tomuto záznamu!

MARC

LEADER 00000nam a22000007a 4500
003 CL-VaPUC
005 20220822114516.0
008 220622b1955 ||||| |||| 00| 0 eng d
999 |c 436207  |d 436205 
040 |c Pontificia Universidad Católica de Valparaíso 
082 7 |a 891.7 PUS 1955  |2 22 
100 1 |a Puschkin, Alejandro Sergueich  |e autor  |9 871141 
245 |a Eugenio Onieguin.   |b Boris Godunov. Mozart y Salieri. La Ondina. 
250 |a Segunda edición. 
260 |a Madrid, España:  |b Aguilar,   |c 1955. 
300 |a 496 páginas.  
490 |a Colección Crisol,   |v  117. 
500 |a c.1 Donación Familia Prof. Alejandro Guzmán Brito. 
583 |c 20220622  |k Cristina María Rojas Aguilar 
650 |a Literatura rusa  |9 318370 
650 0 |a Novelas rusas   |9 316330 
700 |a Tchernova, Irene   |e traductora  |e notas  |9 871142 
942 |2 ddc  |c BK  |n 0 
952 |0 0  |1 0  |2 ddc  |4 0  |6 891_700000000000000_PUS_1955  |7 0  |8 C_AGB  |9 583946  |a BIBDER  |b BIBDER  |d 2022-06-22  |e Donación   |i 5652033  |o 891.7 PUS 1955  |p 5652033  |r 2023-01-25  |t 1  |w 2022-06-22  |y BK_US  |k AGB